000 00308nam a22001097a 4500
008 150820b xxu||||| |||| 00| 0 eng d
020 _a0465097278
082 _a309.173 BELL
100 _aBELL, DANIEL
245 _aTHE CULTURE CONTRADICTIONS OF CAPITALISM
260 _aNEW YORK
_bBASIC BOOKS, INC., PUBLISHERS
_c1978
999 _c346
_d346